000 00583nam a2200193Ia 4500
003 OSt
005 20200804150252.0
008 190216s9999||||xx |||||||||||||| ||und||
020 _a007990131
020 _a9780070990135
040 _coclc
082 _a511.322
_bLIP/T
100 _aLipschutz, Seymour
_93751
245 0 _aTheory And Problems Of Set Theory and Related Topics /
_cSeymour Lipschutz
260 _bMcgrawhill Publishers,
_c1976.
_aSingapore:
300 _a233p
650 _aMathematics
942 _cBK
_2ddc
_h511.322
_iLIP/T
_k511.322
_mLIP/T
999 _c30586
_d30586